The non-Euclidean revolution /

Guardado en:
Autor Principal: Trudeau, Richard J.
Formato: Libro
Idioma:English
Publicado: Boston : Birkhäuser, c1987.
Materias:
Acceso en línea:Google Book Search
Etiquetas: Agregar Etiqueta
Sin Etiquetas, Sea el primero en etiquetar este registro!
LEADER 00788pam a2200217 a 4500
001 MAT.inmabb004297
008 851029s1987####maua#####b####001#0#eng##
005 20130311115111.0
245 1 4 |a The non-Euclidean revolution /  |c Richard J. Trudeau ; with an introduction by H.S.M. Coxeter. 
260 |a Boston :  |b Birkhäuser,  |c c1987. 
300 |a xii, 269 p. :  |b il. ;  |c 25 cm. 
504 |a Incluye referencias bibliográficas (p. 261-262) e índice. 
510 4 |a MR,  |c 88d:51002 
020 |a 0817633111 
100 1 |a Trudeau, Richard J. 
650 0 |a Geometry, Non-Euclidean. 
084 |a 51-03 (01A05 51M10)  |2 msc2000 
010 |a  85028014  
040 |a DLC  |c DLC  |d DLC 
856 4 |u http://books.google.com/books?vid=ISBN0817642374  |y Google Book Search 
859 |h 51  |i T866  |p A-6102  |b BIB. MATEMATICA